| 000 | 00462nam a2200145Ia 4500 | ||
|---|---|---|---|
| 008 | 151021s9999 xx 000 0 und d | ||
| 020 | _a1572594292 | ||
| 050 | _aBF 713 .B463 2000 | ||
| 245 | _a_The Developing Person Through the life span[ 5th ed.] Kathleen Stassen Berger | ||
| 260 | _aNew york Worth Publishers 2000 | ||
| 300 | _axxxi,721p;ill. | ||
| 500 | _aIncludes index | ||
| 650 | _a_Developmental Psychology | ||
| 980 | _a^d20131206 10:27:39^okorir | ||
| 999 |
_c9032 _d9032 |
||